000 00805nam a22001937a 4500
999 _c148953
_d148953
005 20230712125742.0
010 _aUR-10005
020 _a8182233712
_c200.00
035 _aU-8560
037 _bDBAD/PUB
082 _a841.08
100 _aمنا طرعا شق ہر گا نو ی
245 _aا بر ا ہیم ا شک :تجربہ کا ر ر با عی گو /
_cمنا طرعا شق ہر گا نو ی
246 _bIbrahim Ashk:Tajariba Kar Rubai Go /
_aby ManazirAashiq Harganvi
260 _aDelhi
_bEducational Publishing House
_c2008
270 _a3191,Vakil Street,Kucha Pandit,Lal Kuan,
_bDelhi
_e110006
_k23214465
_l-
300 _a175 ص
_c22cm(Hb)
942 _2ddc
_cUR
_h841.08
_mم ن ا